000 00735nam a2200169 4500
001 137969
003 ES-MaACL
005 20250929063205.0
007 t|
008 070214s1910 cu r ||||1| spa d
100 1 _aSánchez de Fuentes, Fernando,
_d1871-1935
_9102578
245 1 3 _aLa Ley Orgánica del Poder Judicial y las leyes procesales
_b: discurso inaugural [de la Academia de Derecho de la Universidad de La Habana] de las sesiones de 1909 a 1910, y Memoria de los trabajos de dicha Academia en el curso anterior /
_cpor Fernando Sánchez de Fuentes.
260 _aLa Habana :
_b[s. n.],
_c1910 (
_fImp. de Rambla y Bouza)
300 _a54 p. ;
_c26 cm.
852 _aES-MaACL
_jT-1237-F-5
999 _c137969
_d137969